Statistiques concernant Focus sur: Katie Bell - Harry Potter

Cliquez ici pour prendre le quiz!

Statistiques générales

  • Ce quiz a été pris 113 fois
  • Le résultat moyen est 5 sur 7

Statistiques - réponses

Informations recherchéesRéponses% Correct
Lieu de rencontre avec Harry PotterPoudlard
100%
Ecole fréquentéePoudlard
100%
Poste occupé au QuidditchPoursuiveuse
100%
Maison fréquentéeGryffondor
99%
Première apparitionHarry Potter à l'école des sorciers
97%
Actrice l'interprétant dans les filmsGeorgina Leonidas
29%
Actrice l'interprétant dans les filmsEmily Dale
21%

Distribution des résultats

Percentile par nombre de réponses

% des personnes avec chaque résultat

Votre développement - résultats

Vous n’avez pas pris ce quiz